书目信息 |
| 题名: |
工业化时期德国城市发展与社会变迁研究
|
|
| 作者: | 徐继承 著 | |
| 分册: | ||
| 出版信息: | 北京 中国社会科学出版社 2020.10 |
|
| 页数: | 247页 | |
| 开本: | 24cm | |
| 丛书名: | ||
| 单 册: | ||
| 中图分类: | F299.516 | |
| 科图分类: | ||
| 主题词: | 城市--cheng shi--社会变迁--研究--德国--1840-1914 | |
| 电子资源: | ||
| ISBN: | 978-7-5203-7129-2 | |
| 000 | 01335nam0 2200265 450 | |
| 001 | 202021192947 | |
| 005 | 20211025120124.0 | |
| 010 | @a978-7-5203-7129-2@dCNY95.00 | |
| 100 | @a20210927d2020 em y0chiy50 ea | |
| 101 | 0 | @achi |
| 102 | @aCN@b110000 | |
| 105 | @ak a 000yy | |
| 106 | @ar | |
| 200 | 1 | @a工业化时期德国城市发展与社会变迁研究@Agong ye hua shi qi de guo cheng shi fa zhan yu she hui bian qian yan jiu@e1840-1914@f徐继承著 |
| 210 | @a北京@c中国社会科学出版社@d2020.10 | |
| 215 | @a247页@d24cm | |
| 300 | @a本书是国家社科基金“工业化时期德国城市发展与社会变迁研究”的结项成果 ; 本书得到国家一流专业 (历史学) 项目资助 ; 本书是国家社科基金“19世纪德国的市政改革与城市现代化研究”的阶段性成果之一 | |
| 314 | @a徐继承, 山西师范大学副教授, 研究方向为欧洲史与德国城市史, 中国世界近代史研究会理事, 中国德国史研究会理事。 | |
| 320 | @a有书目 (第231-245页) | |
| 330 | @a本书主要从社会经济史的视角来研究德国城市社会发展变迁, 19世纪初期德意志地区城市经济职能已经开始朝着商业化、专业化与开放化的趋势发展, 城市的职能已经从以行政能能为主, 逐渐向以经济职能为主转变。近代德国城市社会发展也促使市政管理朝着现代化趋势演进。 | |
| 606 | 0 | @a城市@Acheng shi@x社会变迁@x研究@y德国@z1840-1914 |
| 690 | @aF299.516@v5 | |
| 701 | 0 | @a徐继承@Axu ji cheng@4著 |
| 801 | 0 | @aCN@c20210909 |
| 905 | @a河南城建学院图书馆@dF299.516@eX730 | |
| 工业化时期德国城市发展与社会变迁研究:1840-1914/徐继承著.-北京:中国社会科学出版社,2020.10 |
| 247页;24cm |
| 本书是国家社科基金“工业化时期德国城市发展与社会变迁研究”的结项成果 ; 本书得到国家一流专业 (历史学) 项目资助 ; 本书是国家社科基金“19世纪德国的市政改革与城市现代化研究”的阶段性成果之一 |
| ISBN 978-7-5203-7129-2:CNY95.00 |
| 本书主要从社会经济史的视角来研究德国城市社会发展变迁, 19世纪初期德意志地区城市经济职能已经开始朝着商业化、专业化与开放化的趋势发展, 城市的职能已经从以行政能能为主, 逐渐向以经济职能为主转变。近代德国城市社会发展也促使市政管理朝着现代化趋势演进。 |
| ● |
| 相关链接 |
|
|
|
正题名:工业化时期德国城市发展与社会变迁研究
索取号:F299.516/X730
 
预约/预借
| 序号 | 登录号 | 条形码 | 馆藏地/架位号 | 状态 | 备注 |
| 1 | 1539987 | 215399879 | 社科库409/409社科库 32排2列4层/ [索取号:F299.516/X730] | 在馆 | |
| 2 | 1539988 | 215399888 | 社科库409/409社科库 32排2列4层/ [索取号:F299.516/X730] | 在馆 |